000 00803nam a22002417a 4500
999 _c7452
_d7452
003 OSt
005 20211112093831.0
008 211112b ||||| |||| 00| 0 eng d
020 _a9780415357975
040 _cDDC
082 _a330.91732 JEN 2007
100 _aJenkins, Paul: Harry, Smith: Ya Ping ,Wang
_915266
245 _aPlanning and housing in the rapidly urbanising world.
260 _aNew York :
_bRoutledge;
_c2007
300 _axv, 368 pages :
_billustrations ;
_c 24 cm
504 _aIncludes bibliographical references and index.
650 _aUrbanization
_912203
650 _aCommunity development, Urban
_915267
650 _aCity planning
_915268
650 _aHousing
_915269
650 _aUrban policy -- Developing countries -- Case studies
_915270
942 _2ddc
_cBOOK